| 000 | 00685nam a2200181Ia 4500 | ||
|---|---|---|---|
| 008 | 090124s9999 xx 000 0 und d | ||
| 082 |
_b24020 _a2587 |
||
| 100 | _aबोरकर कमलाकर | ||
| 245 | _a ललाट रेषा (एकच स्त्रीपात्री नाटक) | ||
| 250 | _a1 | ||
| 260 | _c1983 | ||
| 300 | _a79 | ||
| 600 | _aबोरकर कमलाकर | ||
| 630 | _a ललाट रेषा (एकच स्त्रीपात्री नाटक) | ||
| 700 | _aबोरकर कमलाकर | ||
| 730 | _a ललाट रेषा (एकच स्त्रीपात्री नाटक) | ||
| 942 | _cBOOK | ||
| 999 |
_c137598 _d137598 |
||